000 00546ntaaa2200205 4500
003 01
005 20251027201913.0
008 0714s1973 ag 01
040 _aAR-BaBN
_bspa
_cAR-BaBN
_eaacr
_dRIC
082 _a244.1000 Sm5
100 _aSmith, Betty
245 _aEl niño Jesús
250 _a1 ed.
260 _aSantiago, Chile :
_bCruzada de Literatura Cristiana,
_cc1962
300 _a31 p.
500 _ahistorias bíblicas ilustradas
650 _aHistorias Bíblicas
_910167
650 _aNiñez de Jesucristo
_917597
942 _cBK
999 _c13761
_d13761